animaux de la savane - Statistiques

Statistiques générales
  • Ce quiz a été pris 60 fois
  • Le résultat moyen est 13 sur 15
Statistiques - réponses
Par images Réponse % Correct
girafe
100%
lion
100%
zèbre
100%
Autruche
98%
Crocodile du Nil
96%
hippopotame
96%
Rhincéros
96%
léopard
93%
buffle
89%
guépard
89%
vautour
89%
phacochère
87%
gazelle
76%
babouin
69%
ratel
33%
Aucun quiz correspondant
Distribution des résultats
% des personnes avec chaque résultat
Percentile par nombre de réponses
Votre historique - résultats
Vous n’avez pas pris ce quiz